[Event "SRB-ch sf"]
[Site "Paracin"]
[Date "2022.03.20"]
[Round "5"]
[White "Colic, Milos"]
[Black "Cirkovic, Vuk"]
[Result "0-1"]
[WhiteElo "1708"]
[BlackElo "1590"]
[PlyCount "92"]
[EventDate "2022.03.17"]
[EventType "swiss"]
[EventRounds "9"]
[EventCountry "SRB"]
[SourceTitle "CBM 207 Extra"]
[Source "ChessBase"]
[SourceDate "2022.05.31"]
[SourceVersion "1"]
[SourceVersionDate "2022.05.31"]
[SourceQuality "1"]

1. e4 d5 2. d4 dxe4 3. c4 e5 4. d5 Nf6 5. Nc3 Bf5 6. Bg5 Nbd7 7. Nge2 h6 8. Bxf6 Nxf6 9. Ng3 Bh7 10. a3 c6 11. Qe2 Qb6 12. Ngxe4 Nxe4 13. Nxe4 Bxe4 14. Qxe4 Qxb2 15. Rb1 Qc3+ 16. Ke2 0-0-0 17. g3 g6 18. Bh3+ Kc7 19. Rhc1 Qd4 20. Qxd4 exd4 21. Kd3 Bxa3 22. Rc2 Bc5 23. dxc6 bxc6 24. Bg2 Rb8 25. Rcb2 Rb6 26. Rxb6 axb6 27. Ra1 Kb7 28. g4 Re8 29. h3 Re6 30. Rb1 Rf6 31. Rb2 Rf4 32. Re2 Bb4 33. Rc2 Kc7 34. Re2 Kd6 35. Re4 Rxe4 36. Kxe4 c5 37. f4 Ke6 38. f5+ gxf5+ 39. gxf5+ Kf6 40. Bf1 Bc3 41. Be2 Kg5 42. Bd3 Bd2 43. Ke5 Kh4 44. Bf1 Bg5 45. Ke4 Kg3 46. Kd3 Kf4 0-1

[Event "SRB-ch U18"]
[Site "Novi Sad"]
[Date "2021.08.03"]
[Round "1"]
[White "Colic, Milos"]
[Black "Mijatovic, Dusan"]
[Result "0-1"]
[WhiteElo "1638"]
[BlackElo "2097"]
[PlyCount "68"]
[EventDate "2021.08.03"]
[EventType "swiss"]
[EventRounds "9"]
[EventCountry "SRB"]
[SourceTitle "EXT 2022"]
[Source "ChessBase"]
[SourceDate "2021.10.06"]
[SourceVersion "1"]
[SourceVersionDate "2021.10.06"]
[SourceQuality "1"]

1. e4 e6 2. d4 d5 3. Nc3 Bb4 4. e5 Ne7 5. Qg4 c5 6. a3 Qa5 7. Bd2 cxd4 8. Qxd4 Nbc6 9. Bb5 Bxc3 10. Bxc6+ Nxc6 11. Qxc3 Qxc3 12. Bxc3 d4 13. Bb4 Nxe5 14. Bd6 Nc4 15. Bc5 e5 16. b3 Na5 17. f4 b6 18. Bd6 e4 19. Be5 Nc6 20. Bxg7 Rg8 21. Bf6 Rg6 22. Bh4 Rxg2 23. 0-0-0 Bf5 24. Rd2 Rxd2 25. Kxd2 e3+ 26. Ke2 Bxc2 27. b4 b5 28. Nf3 Bb3 29. Rg1 Bc4+ 30. Ke1 Kd7 31. Rg7 a5 32. Ng5 d3 33. Nxf7 d2+ 34. Kd1 Bb3+ 0-1